书目信息 |
| 题名: |
绿道遇见你
|
|
| 作者: | 孙毅 著 | |
| 分册: | ||
| 出版信息: | 杭州 杭州出版社 2018.05 |
|
| 页数: | 273页 | |
| 开本: | 24cm | |
| 丛书名: | ||
| 单 册: | ||
| 中图分类: | D669.3 , X21 | |
| 科图分类: | ||
| 主题词: | 环境保护--huan jing bao hu--志愿者--社会服务--杭州--现代 , 环境保护--huan jing bao hu--杭州 | |
| 电子资源: | ||
| ISBN: | 978-7-5565-0798-6 | |
| 000 | 01174nam0 2200277 450 | |
| 001 | 0100016083 | |
| 005 | 20201009150356.0 | |
| 010 | @a978-7-5565-0798-6@dCNY50.00 | |
| 100 | @a20180920d2018 em y0chiy50 ea | |
| 101 | 0 | @achi |
| 102 | @aCN@b330000 | |
| 105 | @aa z 000yy | |
| 106 | @ar | |
| 200 | 1 | @a绿道遇见你@Alv dao yu jian ni@e翻开环保志愿者的成长笔记@f孙毅著 |
| 210 | @a杭州@c杭州出版社@d2018.05 | |
| 215 | @a273页@c图@d24cm | |
| 314 | @a孙毅, 环保志愿者。 | |
| 330 | @a本书以一位环保专业人士的角度, 以自己的心路历程与激情语言, 阐述了在推进生态文明建设中如何做好一名环保志愿者, 包括为何当志愿者、志愿者有哪些人、志愿者什么能做什么不能做以及有没有时间做等问题, 并以此对环保公众参与“杭州模式”作了初步探索。这是一个“千方百计从源头减少垃圾”的环保宣言, 是一份千言万语动员公众参与的环保倡议。 | |
| 517 | 1 | @a翻开环保志愿者的成长笔记@Afan kai huan bao zhi yuan zhe de cheng zhang bi ji |
| 606 | 0 | @a环境保护@Ahuan jing bao hu@x志愿者@x社会服务@y杭州@z现代 |
| 606 | 0 | @a环境保护@Ahuan jing bao hu@y杭州 |
| 690 | @aD669.3@v5 | |
| 690 | @aX21@v5 | |
| 701 | 0 | @a孙毅@Asun yi@4著 |
| 801 | 0 | @aCN@c20201009 |
| 905 | @a河南城建学院图书馆@dD669.3@eS973@f3 | |
| 绿道遇见你:翻开环保志愿者的成长笔记/孙毅著.-杭州:杭州出版社,2018.05 |
| 273页:图;24cm |
| ISBN 978-7-5565-0798-6:CNY50.00 |
| 本书以一位环保专业人士的角度, 以自己的心路历程与激情语言, 阐述了在推进生态文明建设中如何做好一名环保志愿者, 包括为何当志愿者、志愿者有哪些人、志愿者什么能做什么不能做以及有没有时间做等问题, 并以此对环保公众参与“杭州模式”作了初步探索。这是一个“千方百计从源头减少垃圾”的环保宣言, 是一份千言万语动员公众参与的环保倡议。 |
| ● |
| 相关链接 |
|
|
|
正题名:绿道遇见你
索取号:D669.3/S973
 
预约/预借
| 序号 | 登录号 | 条形码 | 馆藏地/架位号 | 状态 | 备注 |
| 1 | 1495640 | 214956403 | 社科库509/509社科库 76排4列4层/ [索取号:D669.3/S973] | 在馆 | |
| 2 | 1495641 | 214956412 | 社科库509/509社科库 76排4列4层/ [索取号:D669.3/S973] | 在馆 | |
| 3 | 1495642 | 214956421 | 社科库509/509社科库 76排4列4层/ [索取号:D669.3/S973] | 在馆 |